000 00606nam a2200229Ia 4500
003 OSt
005 20221007103113.0
006 a|||||r|||| 00| 0
007 ta
008 221006b |||||||| |||| 00| 0 eng d
024 _a12,241
037 _cTextual
040 _aLCO
_cLCO
_beng
041 _2eng
_aeng
082 _aV73:2, L3
100 _aCorwin E.S.
_9704822
245 0 _aConstitution and What it Means today
260 _aPrinceton
_bPrinceton University Press New Jersey
_c1973
300 _a601
942 _hV73:2, L3
_cTEXL
999 _c1181804
_d1181804